[Event "DEM U10/U10w 2007"]
[Site "Willingen GER"]
[Date "2007.05.27"]
[Round "1"]
[White "Weber, Sandra"]
[Black "Manusina, Nicole"]
[Result "0-1"]
[Termination "normal"]
[Board "24"]
[WhiteElo "988"]
[BlackElo "1340"]
[PlyCount "84"]
[WhiteFideId "1270049"]
[BlackFideId "24657514"]
[EventCountry "GER"]
[EventRounds "11"]
[EventType "swiss"]
[EventDate "2007.05.26"]

1. e4 d5 2. exd5 Qxd5 3. d4 Nf6 4. Nc3 Qa5 5. Bd2 c6 6. Nf3 Qc7 7. g3 Bf5 8.
Qe2 e6 9. Bf4 Bd6 10. Be3 Nbd7 11. Bg5 O-O-O 12. O-O-O h6 13. Be3 Kb8 14. Qc4
Nb6 15. Qb3 Rhf8 16. Be2 g5 17. Na4 Nxa4 18. Qxa4 Be4 19. d5 c5 20. Qb3 Bxd5
21. c4 Bc6 22. h3 Qa5 23. Bd2 Qa4 24. Qc3 Ne4 25. b3 Nxc3 26. bxa4 Nxe2+ 27.
Kb2 Bxf3 28. Rhe1 Be5+ 29. Kb3 Nd4+ 30. Kc3 Bxd1 31. Rxe5 Nf3 32. Rxc5 Nxd2 33.
Kb4 b6 34. Rc6 Kb7 35. Kb5 a6+ 36. Kb4 Kxc6 37. a5 Rb8 38. Kc3 Nb1+ 39. Kb2
bxa5+ 40. Kc1 Ba4 41. f4 Rfd8 42. fxg5 Rd1# 0-1

[Event "DEM U10/U10w 2007"]
[Site "Willingen GER"]
[Date "2007.05.27"]
[Round "1"]
[White "Wendland, Tobias"]
[Black "Nobis, Anna"]
[Result "1-0"]
[Termination "normal"]
[Board "25"]
[WhiteElo "1328"]
[BlackElo "969"]
[PlyCount "65"]
[WhiteFideId "24662267"]
[BlackFideId "1270302"]
[EventCountry "GER"]
[EventRounds "11"]
[EventType "swiss"]
[EventDate "2007.05.26"]

1. d4 d5 2. c4 dxc4 3. Nc3 Nf6 4. e4 Nc6 5. Be3 Bg4 6. f3 Bh5 7. Bxc4 e6 8.
Nge2 Bb4 9. O-O O-O 10. a3 Ba5 11. Rb1 Qe7 12. Qc2 Rad8 13. Rfd1 a6 14. Bg5 Bg6
15. d5 exd5 16. Nxd5 Qe5 17. Nxf6+ gxf6 18. Bh6 Rfe8 19. Qb3 Bb6+ 20. Kh1 Re7
21. Rxd8+ Nxd8 22. Rd1 c6 23. Qxb6 f5 24. Rxd8+ Re8 25. Rd7 fxe4 26. Qe3 b5 27.
Ba2 c5 28. Ng3 c4 29. Nxe4 f5 30. Qa7 Qxb2 31. Rg7+ Kf8 32. Rxg6+ Qg7 33. Qxg7#
1-0

[Event "DEM U10/U10w 2007"]
[Site "Willingen GER"]
[Date "2007.05.27"]
[Round "1"]
[White "Lagunov, Rafael"]
[Black "Hansch, Stephan"]
[Result "0-1"]
[Termination "normal"]
[Board "26"]
[WhiteElo "936"]
[BlackElo "1310"]
[PlyCount "49"]
[WhiteFideId "24652644"]
[EventCountry "GER"]
[EventRounds "11"]
[EventType "swiss"]
[EventDate "2007.05.26"]

1. e4 c5 2. f4 d6 3. Nf3 e6 4. d4 cxd4 5. Nxd4 Nf6 6. Nc3 Be7 7. Be2 O-O 8. Be3
a6 9. O-O Nbd7 10. h3 Qc7 11. Rf3 b5 12. a3 Bb7 13. Bd3 Nc5 14. Rg3 Ncxe4 15.
Bxe4 Nxe4 16. Nxe4 Bxe4 17. Qg4 Bg6 18. f5 exf5 19. Nxf5 Bf6 20. Bf4 Qxc2 21.
Bxd6 Bxf5 22. Qd1 Qxd1+ 23. Rxd1 Rfd8 24. Rf3 Bg6 25. Kf2 0-1

[Event "DEM U10/U10w 2007"]
[Site "Willingen GER"]
[Date "2007.05.27"]
[Round "1"]
[White "Laimer, Tobias"]
[Black "Bardosch, Karl"]
[Result "1-0"]
[Termination "normal"]
[Board "27"]
[WhiteElo "1308"]
[BlackElo "935"]
[PlyCount "121"]
[WhiteFideId "12910309"]
[BlackFideId "24696480"]
[EventCountry "GER"]
[EventRounds "11"]
[EventType "swiss"]
[EventDate "2007.05.26"]

1. e4 e5 2. Nf3 Nc6 3. d4 exd4 4. Nxd4 d5 5. Nxc6 bxc6 6. exd5 cxd5 7. Bb5+ Bd7
8. Qxd5 Nf6 9. Bxd7+ Nxd7 10. Bg5 Be7 11. Qe4 f6 12. Be3 O-O 13. O-O Rb8 14.
Rd1 Rxb2 15. Qd5+ Kh8 16. Qxd7 Qxd7 17. Rxd7 Bd6 18. Nc3 Be5 19. Bd4 Bxd4 20.
Rxd4 Rxc2 21. Rd3 Re8 22. Rad1 h6 23. Kf1 Re6 24. Re1 Rd6 25. Rxd6 cxd6 26. Nb5
Rxa2 27. Nxd6 a5 28. Nc4 a4 29. g3 Rc2 30. Ne3 Rb2 31. Ra1 Rb4 32. Nd5 Rd4 33.
Nc3 g5 34. Nxa4 h5 35. Nc3 h4 36. Kg2 hxg3 37. hxg3 f5 38. Ra5 Rc4 39. Rxf5
Rxc3 40. Rxg5 Rc6 41. g4 Kh7 42. f3 Rc2+ 43. Kg3 Rc3 44. Rf5 Kg6 45. Rd5 Kf6
46. g5+ Ke6 47. Ra5 Kf7 48. Kg4 Rc4+ 49. Kf5 Rc6 50. f4 Kg7 51. Ra7+ Kg8 52. g6
Rc8 53. Kg5 Rc5+ 54. f5 Rc8 55. g7 Kh7 56. Re7 Rg8 57. f6 Rxg7+ 58. Rxg7+ Kh8
59. Rd7 Kg8 60. Kg6 Kf8 61. Rd8# 1-0

[Event "DEM U10/U10w 2007"]
[Site "Willingen GER"]
[Date "2007.05.27"]
[Round "1"]
[White "Petermann, Tessa"]
[Black "Lieber, Carl"]
[Result "0-1"]
[Termination "normal"]
[Board "28"]
[WhiteElo "931"]
[BlackElo "1290"]
[PlyCount "98"]
[WhiteFideId "12929492"]
[EventCountry "GER"]
[EventRounds "11"]
[EventType "swiss"]
[EventDate "2007.05.26"]

1. e4 e5 2. Nf3 Nc6 3. d4 exd4 4. Nxd4 Bc5 5. Be3 Nxd4 6. Bxd4 Bxd4 7. Qxd4 Qf6
8. e5 Qe7 9. Bc4 d6 10. f4 Bf5 11. e6 Bxe6 12. Bxe6 Qxe6+ 13. Kd1 Qg4+ 14. Kc1
Nf6 15. Re1+ Kd7 16. Nc3 Rhe8 17. Rd1 Ne4 18. Nxe4 Qxf4+ 19. Kb1 Qxe4 20. Qd2
Qe2 21. Qxe2 Rxe2 22. Rf1 Rae8 23. a4 Re1+ 24. Rxe1 Rxe1+ 25. Ka2 Rxa1+ 26.
Kxa1 Ke6 27. c4 Ke5 28. Ka2 Kd4 29. Kb3 a5 30. h4 h5 31. g3 b6 32. Ka3 Kxc4 33.
b3+ Kd4 34. b4 axb4+ 35. Kxb4 c6 36. a5 bxa5+ 37. Kxa5 c5 38. Ka4 c4 39. Kb4
Kd3 40. g4 hxg4 41. h5 g3 42. h6 gxh6 43. Ka3 g2 44. Kb2 g1=Q 45. Ka2 Qd1 46.
Kb2 Qc2+ 47. Ka1 Qa4+ 48. Kb1 Kc3 49. Kc1 Qa1# 0-1

[Event "DEM U10/U10w 2007"]
[Site "Willingen GER"]
[Date "2007.05.27"]
[Round "1"]
[White "Buttgereit, Vincent"]
[Black "Wagner, Robert"]
[Result "0-1"]
[Termination "normal"]
[Board "30"]
[WhiteElo "890"]
[BlackElo "1284"]
[PlyCount "60"]
[BlackFideId "24656879"]
[EventCountry "GER"]
[EventRounds "11"]
[EventType "swiss"]
[EventDate "2007.05.26"]

1. e4 c5 2. Bc4 e6 3. Nf3 Nc6 4. O-O a6 5. d3 b5 6. Bb3 Bb7 7. Nc3 Nf6 8. Bg5
Be7 9. e5 Ng8 10. Bxe7 Ngxe7 11. Qe2 Nf5 12. Ne4 d5 13. Nd6+ Nxd6 14. exd6 Qxd6
15. Rae1 O-O 16. d4 c4 17. Bxc4 bxc4 18. b3 cxb3 19. cxb3 Rac8 20. Qd3 Ne7 21.
Ng5 Ng6 22. Qh3 h6 23. Nxe6 Nf4 24. Nxf4 Qxf4 25. Rd1 Rfe8 26. Qd7 Bc6 27. Qh3
Qe4 28. Rde1 Qxe1 29. Qf5 Qxf1+ 30. Kxf1 Bb5+ 0-1

[Event "DEM U10/U10w 2007"]
[Site "Willingen GER"]
[Date "2007.05.27"]
[Round "1"]
[White "Bluhm, Sonja Maria"]
[Black "Klich, Jana"]
[Result "1-0"]
[Termination "normal"]
[Board "31"]
[WhiteElo "1283"]
[BlackElo "886"]
[PlyCount "55"]
[WhiteFideId "24654027"]
[EventCountry "GER"]
[EventRounds "11"]
[EventType "swiss"]
[EventDate "2007.05.26"]

1. e4 d5 2. exd5 Qxd5 3. Nc3 Qa5 4. d4 c6 5. Be3 Bf5 6. Nf3 Nf6 7. Bd2 Qc7 8.
Bc4 e6 9. Ne2 Bd6 10. Bc3 Nbd7 11. Ng3 Bg6 12. Qe2 O-O 13. O-O Rfe8 14. Bd3
Bxd3 15. Qxd3 Qb6 16. Rfe1 c5 17. Ne5 cxd4 18. Nxd7 Nxd7 19. Bxd4 Bc5 20. Bxc5
Nxc5 21. Qc3 f6 22. Nh5 Re7 23. Nf4 Rae8 24. b3 a6 25. Qg3 Rd7 26. Nh5 Rf8 27.
Rad1 Rxd1 28. Qxg7# 1-0

[Event "DEM U10/U10w 2007"]
[Site "Willingen GER"]
[Date "2007.05.27"]
[Round "1"]
[White "Schwarz, Larissa"]
[Black "Bonk, Andras"]
[Result "0-1"]
[Termination "normal"]
[Board "32"]
[WhiteElo "883"]
[BlackElo "1278"]
[PlyCount "114"]
[WhiteFideId "24699004"]
[BlackFideId "24692123"]
[EventCountry "GER"]
[EventRounds "11"]
[EventType "swiss"]
[EventDate "2007.05.26"]

1. d4 d5 2. c4 e6 3. Nc3 Bb4 4. cxd5 Bxc3+ 5. bxc3 exd5 6. Bf4 Nf6 7. e3 O-O 8.
c4 c6 9. Bd3 Qa5+ 10. Qd2 Qxd2+ 11. Kxd2 Be6 12. Nf3 dxc4 13. Bc2 Na6 14. Ng5
Rad8 15. Be5 Ng4 16. Bg3 h6 17. Nxe6 fxe6 18. f3 Nf6 19. Bh4 e5 20. Kc3 exd4+
21. exd4 Nd5+ 22. Kxc4 Ne3+ 23. Kc3 Nxc2 24. Kxc2 Rxd4 25. Bf2 Rc4+ 26. Kb3
Rb4+ 27. Kc3 b6 28. a4 Rff4 29. a5 Rbc4+ 30. Kd2 Nc5 31. Rhc1 Rxc1 32. Kxc1
Nb3+ 33. Kb1 Nxa1 34. Kxa1 Ra4+ 35. Kb2 Rxa5 36. g4 Kf7 37. h4 Ra4 38. Kb3 Rf4
39. Be1 Rxf3+ 40. Kc4 Rf4+ 41. Kd3 Rxg4 42. Ke3 a5 43. Kf3 Rc4 44. Bg3 Rc3+ 45.
Kg4 Rxg3+ 46. Kxg3 a4 47. h5 a3 48. Kh4 a2 49. Kh3 a1=Q 50. Kg3 Qf1 51. Kh2 Qf3
52. Kg1 Qe2 53. Kh1 Kf6 54. Kg1 Kg5 55. Kh1 Kg4 56. Kg1 Kg3 57. Kh1 Qf1# 0-1

[Event "DEM U10/U10w 2007"]
[Site "Willingen GER"]
[Date "2007.05.27"]
[Round "1"]
[White "Donchenko, Alexander"]
[Black "Diederichs, Luise"]
[Result "1-0"]
[Termination "normal"]
[Board "33"]
[WhiteElo "1274"]
[BlackElo "871"]
[PlyCount "97"]
[WhiteFideId "24603295"]
[BlackFideId "24661597"]
[EventCountry "GER"]
[EventRounds "11"]
[EventType "swiss"]
[EventDate "2007.05.26"]

1. d4 d5 2. c4 e6 3. Nf3 c6 4. cxd5 cxd5 5. Bf4 Nc6 6. Nc3 Nf6 7. a3 Bd6 8.
Bxd6 Qxd6 9. e3 O-O 10. Bd3 e5 11. dxe5 Nxe5 12. Nxe5 Qxe5 13. h3 Bf5 14. O-O
Bxd3 15. Qxd3 Rad8 16. Rfd1 Rd7 17. Qd4 Qxd4 18. Rxd4 Rfd8 19. Rad1 Kf8 20. g4
g5 21. f4 h6 22. Kf2 Ke7 23. b4 b6 24. R1d2 a6 25. a4 a5 26. Ke1 Ke6 27. bxa5
bxa5 28. Nb5 Ne4 29. Rc2 Nd6 30. Nc7+ Ke7 31. Rxd5 Ne8 32. Re5+ Kd6 33. Nxe8+
Rxe8 34. Rxe8 Kd5 35. Rd2+ Kc6 36. Rxd7 Kxd7 37. Re5 f6 38. Rxa5 Kd6 39. fxg5
hxg5 40. Rf5 Ke6 41. a5 Ke7 42. a6 Ke6 43. a7 Ke7 44. a8=Q Ke6 45. Qc6+ Ke7 46.
Qxf6+ Kd7 47. Re5 Kc7 48. Re7+ Kc8 49. Qf8# 1-0

[Event "DEM U10/U10w 2007"]
[Site "Willingen GER"]
[Date "2007.05.27"]
[Round "1"]
[White "Glatzel, Jonas"]
[Black "Heinemann, Josefine"]
[Result "1-0"]
[Termination "normal"]
[Board "35"]
[WhiteElo "1268"]
[BlackElo "851"]
[PlyCount "59"]
[WhiteFideId "12937800"]
[BlackFideId "12900460"]
[EventCountry "GER"]
[EventRounds "11"]
[EventType "swiss"]
[EventDate "2007.05.26"]

1. e4 e5 2. Nf3 Nc6 3. Bc4 Nf6 4. d4 Bb4+ 5. c3 Bd6 6. O-O Nxe4 7. Re1 Nf6 8.
dxe5 Nxe5 9. Nxe5 O-O 10. Nf3 Bc5 11. Be3 Bxe3 12. Rxe3 d5 13. Bb3 Bg4 14. h3
Bf5 15. Nd4 Bd7 16. Nd2 c6 17. N2f3 Ne4 18. Bc2 Re8 19. Qe2 Qf6 20. Bxe4 dxe4
21. Rxe4 Qg6 22. Ne5 Qf5 23. Nxf5 Bxf5 24. Re3 Rad8 25. Rd1 Rb8 26. Qf3 Bc2 27.
Qxf7+ Kh8 28. Nd7 Rbd8 29. Rxe8+ Rxe8 30. Qxe8# 1-0

[Event "DEM U10/U10w 2007"]
[Site "Willingen GER"]
[Date "2007.05.27"]
[Round "1"]
[White "Titgemeyer, Eva Maria"]
[Black "Berkov, Mikhail"]
[Result "1-0"]
[Termination "normal"]
[Board "36"]
[WhiteElo "848"]
[BlackElo "1250"]
[PlyCount "81"]
[WhiteFideId "24655350"]
[BlackFideId "24678783"]
[EventCountry "GER"]
[EventRounds "11"]
[EventType "swiss"]
[EventDate "2007.05.26"]

1. e4 e5 2. Nf3 Nc6 3. Bc4 Bc5 4. c3 Nf6 5. d4 exd4 6. cxd4 Bb4+ 7. Bd2 Bxd2+
8. Nbxd2 d6 9. d5 Ne5 10. Nxe5 dxe5 11. Nf3 Nxe4 12. Nxe5 Qe7 13. Qd4 Qb4+ 14.
Kf1 Nd2+ 15. Kg1 f6 16. Nd3 Qxc4 17. Qe3+ Ne4 18. f3 Bf5 19. Re1 Qxa2 20. fxe4
Bg6 21. e5 f5 22. d6 c6 23. e6 Qa5 24. d7+ Ke7 25. Qg5+ Kd6 26. Qf4+ Ke7 27. b4
Qb6+ 28. Nf2 h6 29. h3 a5 30. b5 Qxb5 31. Kh2 Bh7 32. Rhf1 g5 33. Qd2 Qd5 34.
Qe2 Qd6+ 35. Kg1 f4 36. Rd1 Qc7 37. Qh5 Kxe6 38. Rfe1+ Kf6 39. Ng4+ Kg7 40.
Re7+ Kf8 41. Qf7# 1-0

[Event "DEM U10/U10w 2007"]
[Site "Willingen GER"]
[Date "2007.05.27"]
[Round "1"]
[White "Schoepe, Tobias"]
[Black "Klesen, Jonas"]
[Result "1-0"]
[Termination "normal"]
[Board "37"]
[WhiteElo "1239"]
[BlackElo "826"]
[PlyCount "37"]
[WhiteFideId "24692107"]
[EventCountry "GER"]
[EventRounds "11"]
[EventType "swiss"]
[EventDate "2007.05.26"]

1. e4 e5 2. Nf3 Nf6 3. Nc3 Nc6 4. Bc4 Bc5 5. O-O O-O 6. a3 a6 7. d3 d6 8. h3 h6
9. Be3 Bd4 10. Bxd4 Nxd4 11. Nxd4 exd4 12. Ne2 b5 13. Bb3 Bb7 14. Nxd4 c5 15.
Nf5 h5 16. Qd2 Nh7 17. Qf4 Qf6 18. Qxd6 Qxb2 19. Qxc5 1-0

[Event "DEM U10/U10w 2007"]
[Site "Willingen GER"]
[Date "2007.05.27"]
[Round "1"]
[White "Falk, Frederike"]
[Black "Wolff, Christopher"]
[Result "0-1"]
[Termination "normal"]
[Board "38"]
[WhiteElo "811"]
[BlackElo "1238"]
[PlyCount "98"]
[EventCountry "GER"]
[EventRounds "11"]
[EventType "swiss"]
[EventDate "2007.05.26"]

1. e4 c5 2. Nf3 Nc6 3. Bc4 g6 4. O-O Bg7 5. Nc3 Nf6 6. d3 O-O 7. Bg5 d6 8. Bxf6
Bxf6 9. Qd2 Bg7 10. a3 a6 11. Rab1 Be6 12. b3 b5 13. Bxe6 fxe6 14. Nd1 Nd4 15.
Nxd4 cxd4 16. Qg5 e5 17. a4 e6 18. Qxd8 Rfxd8 19. axb5 axb5 20. Nb2 Rdc8 21. c4
dxc3 22. Nd1 c2 23. Rc1 cxd1=Q 24. Rcxd1 Ra2 25. Rde1 Rcc2 26. Re3 Rab2 27. b4
Rxb4 28. Rfe1 Rcb2 29. h3 Rb1 30. Rxb1 Rxb1+ 31. Kh2 b4 32. Re2 b3 33. f3 b2
34. Kg3 Bh6 35. Kf2 Bc1 36. Rc2 Ra1 37. Rxc1 bxc1=Q 38. Kg3 Qe1+ 39. Kg4 h5+
40. Kg5 Qg3+ 41. Kf6 Ra7 42. Kxe6 Qg5 43. Kxd6 Qe7+ 44. Kd5 Rd7+ 45. Kc4 Rd4+
46. Kc3 Qa3+ 47. Kd2 Qxd3+ 48. Ke1 Qc2 49. Kf1 Rd1# 0-1

[Event "DEM U10/U10w 2007"]
[Site "Willingen GER"]
[Date "2007.05.27"]
[Round "1"]
[White "Srokovskiy, Andrea"]
[Black "Sadjjadi, Anahita"]
[Result "1-0"]
[Termination "normal"]
[Board "39"]
[WhiteElo "1234"]
[BlackElo "765"]
[PlyCount "55"]
[WhiteFideId "4624947"]
[EventCountry "GER"]
[EventRounds "11"]
[EventType "swiss"]
[EventDate "2007.05.26"]

1. e4 e5 2. Nf3 Nc6 3. Bc4 Bb4 4. O-O Nf6 5. d3 Ng4 6. h3 Nf6 7. Bg5 h6 8. Bh4
O-O 9. a3 Bc5 10. Nc3 d6 11. Nd5 Be6 12. Bxf6 gxf6 13. Qd2 Nd4 14. Nxd4 Bxd4
15. Qxh6 Bxd5 16. Bxd5 Bxb2 17. Ra2 Bd4 18. Bxb7 Rb8 19. Bd5 Bb2 20. Re1 Bc3
21. Re3 Bd2 22. Rg3+ Bg5 23. h4 Re8 24. hxg5 fxg5 25. Rxg5+ Qxg5 26. Qxg5+ Kf8
27. Qf6 Red8 28. Qxf7# 1-0